000 00330nam a22001337a 4500
020 _a9789382252238
082 _a621.38103
100 _aSahoo, Gangadhar
245 _aEncyclopedia of electronics vol 5
260 _aNew Delhi
_bPBI
_c2013
300 _axxiv, 295 p. :
_e22 cm
650 _aEncyclopedia of electronics
942 _cBK
999 _c12131
_d12131